000 00877nam a2200181 i 4500
001 167944
003 ES-MaACL
005 20230906213632.0
008 051003s1878 sw |||| | fre d
100 1 _aWines, Enoch Cobb (
_d1806-1879)
_9117073
245 1 2 _aL'état actuel de la réforme pénitentiaire dans tous les pays civilisés
_b: discours pronomé lors de l'ouverture du Congrès pénitentiaire international à Stockholm en 20 Août 1878 /
_cpar Wines.
260 _aStockholm :
_bCentral-Tryckeriet,
_c1878.
300 _a27 p. ;
_c24 cm.
611 2 _aCongreso Penitenciario Internacional.
_d1878.
_cEstocolmo)
_9165779
650 _aDerecho penitenciario-
_zEuropa.
_9150595
650 4 _aEstablecimientos penitenciarios-
_vCongresos y asambleas.
_9163123
852 _aES-MaACL
_jD-134(2)
_z- Enc. pasta española
_z. - Donativo Lastres
_z- Enc. en un vol. facticio
999 _c167944
_d167944